[Event "LSS No Engine Cup 32 Preliminary 1"]
[Site "LSS email"]
[Date "2010.12.07"]
[Round "?"]
[White "Draba, Henryk"]
[Black "Ozkul, Kaya"]
[Result "1-0"]
[WhiteElo "1513"]
[BlackElo "1071"]
[PlyCount "47"]
[EventDate "2010.12.08"]
[EventType "tourn (corr)"]
[EventRounds "6"]
[EventCountry "GER"]
[SourceTitle "Telechess CBM 145"]
[Source "Chessbase"]
[SourceDate "2011.11.11"]
[SourceVersion "1"]
[SourceVersionDate "2011.11.11"]
[SourceQuality "1"]

1. e4 c5 2. Nf3 d6 3. d4 cxd4 4. Nxd4 Nf6 5. Nc3 g6 6. Be3 Bg7 7. f3 0-0 8. Qd2 Nc6 9. 0-0-0 Nxd4 10. Bxd4 Be6 11. Kb1 Qc7 12. g4 Rfc8 13. h4 Qa5 14. a3 Rab8 15. h5 b5 16. hxg6 hxg6 17. Qg5 Qc7 18. Qd2 Qa5 19. Qg5 Qc7 20. e5 Ne4 21. fxe4 dxe5 22. Be3 b4 23. axb4 Rxb4 24. Rd3 1-0

[Event "CP-2010-P-00046"]
[Site "LSS email"]
[Date "2010.09.28"]
[Round "?"]
[White "Ozkul, Kaya"]
[Black "Schroeder, Christoph"]
[Result "0-1"]
[WhiteElo "1071"]
[BlackElo "2179"]
[PlyCount "28"]
[EventDate "2010.10.01"]
[EventType "tourn (corr)"]
[EventRounds "6"]
[EventCountry "GER"]
[SourceTitle "Corr 2013"]
[Source "ChessBase"]
[SourceDate "2012.11.12"]
[SourceVersion "1"]
[SourceVersionDate "2012.11.12"]
[SourceQuality "1"]

1. e4 c5 2. c3 d6 3. d4 Nf6 4. Bd3 g6 5. Nf3 Bg7 6. 0-0 0-0 7. h3 Qc7 8. Re1 e5 9. Be3 b6 10. Nbd2 Nc6 11. d5 Ne7 12. a4 a6 13. b4 Rb8 14. Qe2 a5 0-1

[Event "CP-2010-P-00046"]
[Site "LSS email"]
[Date "2010.09.28"]
[Round "?"]
[White "Stepanov, Valery Anatolievich"]
[Black "Ozkul, Kaya"]
[Result "1-0"]
[WhiteElo "1609"]
[BlackElo "1124"]
[PlyCount "47"]
[EventDate "2010.10.01"]
[EventType "tourn (corr)"]
[EventRounds "6"]
[EventCountry "GER"]
[SourceTitle "Telechess CBM 143"]
[Source "ChessBase"]
[SourceDate "2011.07.15"]
[SourceVersion "1"]
[SourceVersionDate "2011.07.15"]
[SourceQuality "1"]

1. e4 c5 2. Nf3 d6 3. d4 cxd4 4. Nxd4 Nf6 5. Nc3 g6 6. Be3 Bg7 7. Be2 0-0 8. Qd2 Nc6 9. 0-0-0 Nxd4 10. Bxd4 Be6 11. Kb1 Qc7 12. h4 Rfc8 13. h5 Qa5 14. hxg6 hxg6 15. a3 Rab8 16. f3 b5 17. Qg5 Qc7 18. e5 dxe5 19. Bxe5 Qb6 20. Bxb8 Rxb8 21. Qh4 a6 22. Rd2 Qa5 23. Qg5 Rc8 24. g4 1-0

[Event "OP-2010-0-01194"]
[Site "LSS email"]
[Date "2010.06.28"]
[Round "?"]
[White "Ozkul, Kaya"]
[Black "Szczepanski, Zbigniew"]
[Result "1/2-1/2"]
[WhiteElo "800"]
[BlackElo "2421"]
[PlyCount "41"]
[EventDate "2010.06.24"]
[EventType "tourn (corr)"]
[EventRounds "4"]
[EventCountry "GER"]
[SourceTitle "Telechess CBM 143"]
[Source "ChessBase"]
[SourceDate "2011.07.15"]
[SourceVersion "1"]
[SourceVersionDate "2011.07.15"]
[SourceQuality "1"]

1. e4 c5 2. Nf3 Nc6 3. c3 Nf6 4. e5 Nd5 5. d4 cxd4 6. Bc4 Nb6 7. Bb3 g6 8. Ng5 d5 9. exd6 e6 10. Qf3 Ne5 11. Qg3 Bxd6 12. Ne4 0-0 13. Nxd6 Qxd6 14. 0-0 Nec4 15. Qh4 Re8 16. Rd1 e5 17. cxd4 exd4 18. Nd2 Nxd2 19. Bxd2 Be6 20. Bc3 Bxb3 21. Rxd4 1/2-1/2

[Event "OP-2010-0-01192"]
[Site "LSS email"]
[Date "2010.06.27"]
[Round "?"]
[White "Ozkul, Kaya"]
[Black "Savic, Milan"]
[Result "0-1"]
[WhiteElo "800"]
[BlackElo "1651"]
[PlyCount "44"]
[EventDate "2010.06.21"]
[EventType "tourn (corr)"]
[EventRounds "4"]
[EventCountry "GER"]
[SourceTitle "Telechess CBM 143"]
[Source "ChessBase"]
[SourceDate "2011.07.15"]
[SourceVersion "1"]
[SourceVersionDate "2011.07.15"]
[SourceQuality "1"]

1. e4 e5 2. Nf3 Nc6 3. Bb5 a6 4. Ba4 Nf6 5. Qe2 b5 6. Bb3 Be7 7. 0-0 0-0 8. c3 d5 9. d3 Bb7 10. Nbd2 Re8 11. a3 Qd7 12. Re1 Rad8 13. Nf1 h6 14. Ng3 Bf8 15. h3 Na5 16. Bc2 c5 17. Nh2 c4 18. Ng4 Nxg4 19. hxg4 cxd3 20. Qxd3 d4 21. cxd4 Qxd4 22. Qe2 g6 0-1